[Event "Huesca Province-ch"]
[Site "Sabinanigo"]
[Date "2016.11.19"]
[Round "6"]
[White "Lafarga Santorroman, David"]
[Black "Pellicer Cemeli, Jose Luis"]
[Result "1/2-1/2"]
[WhiteElo "2203"]
[BlackElo "1969"]
[PlyCount "59"]
[EventDate "2016.10.15"]
[EventType "swiss"]
[EventRounds "7"]
[EventCountry "ESP"]
[SourceTitle "EXT 2018"]
[Source "ChessBase"]
[SourceDate "2017.10.13"]
[SourceVersion "1"]
[SourceVersionDate "2017.10.13"]
[SourceQuality "1"]

1. e4 e6 2. d4 d5 3. Nc3 Nf6 4. e5 Nfd7 5. f4 c5 6. Nf3 Nc6 7. Be3 a6 8. Qd2 b5 9. Nd1 cxd4 10. Nxd4 Nxd4 11. Bxd4 b4 12. Bd3 a5 13. Qe3 Ba6 14. 0-0 Bxd3 15. cxd3 Rc8 16. Qg3 g6 17. Ne3 Bc5 18. Bxc5 Rxc5 19. d4 Rc6 20. Rfc1 Qb6 21. Rxc6 Qxc6 22. Qe1 0-0 23. Rc1 Qb7 24. Qd2 Rc8 25. Rxc8+ Qxc8 26. Qc2 Qa6 27. Kf2 h5 28. b3 Nb8 29. Qc5 Nc6 30. Kf3 1/2-1/2

[Event "Huesca Province-ch"]
[Site "Sabinanigo"]
[Date "2016.11.05"]
[Round "4"]
[White "Lafarga Santorroman, David"]
[Black "Hidalgo Gracia, Andres"]
[Result "1/2-1/2"]
[WhiteElo "2203"]
[BlackElo "1687"]
[PlyCount "99"]
[EventDate "2016.10.15"]
[EventType "swiss"]
[EventRounds "7"]
[EventCountry "ESP"]
[SourceTitle "EXT 2018"]
[Source "ChessBase"]
[SourceDate "2017.10.13"]
[SourceVersion "1"]
[SourceVersionDate "2017.10.13"]
[SourceQuality "1"]

1. e4 c5 2. Nf3 e6 3. Nc3 Nc6 4. d4 cxd4 5. Nxd4 Qc7 6. Be3 a6 7. Qf3 Nf6 8. 0-0-0 Be7 9. Kb1 Rb8 10. g4 h6 11. Be2 b5 12. Nxc6 dxc6 13. e5 Nd5 14. Nxd5 cxd5 15. Bd4 Bc5 16. Qe3 Bxd4 17. Rxd4 Bb7 18. f4 Rc8 19. Bd3 Qc5 20. f5 Ke7 21. Rf1 Rcf8 22. f6+ gxf6 23. Rxf6 a5 24. Qf4 b4 25. h4 Bc6 26. Qf2 Bd7 27. Rff4 Rhg8 28. Qd2 Rc8 29. Qf2 Rcf8 30. Be2 Rg7 31. Bd3 Rgg8 32. Qf1 Rh8 33. Qc1 Rc8 34. Qf1 Rcf8 35. Qf3 Rhg8 36. Be2 Qc7 37. Qe3 Qc5 38. Rf1 Rc8 39. Rc1 Ba4 40. Qd2 Qc7 41. b3 Bd7 42. Qf4 Qc5 43. Qf6+ Ke8 44. Rf4 Rf8 45. Rf3 a4 46. Qxh6 d4 47. Qf4 Bc6 48. Rd3 Bb5 49. Rxd4 Bxe2 50. Rxb4 1/2-1/2

[Event "Huesca Province-ch"]
[Site "Sabinanigo"]
[Date "2016.10.15"]
[Round "1"]
[White "Rodriguez Avellanas, Jose Manuel"]
[Black "Lafarga Santorroman, David"]
[Result "0-1"]
[WhiteElo "1731"]
[BlackElo "2203"]
[PlyCount "118"]
[EventDate "2016.10.15"]
[EventType "swiss"]
[EventRounds "7"]
[EventCountry "ESP"]
[SourceTitle "EXT 2018"]
[Source "ChessBase"]
[SourceDate "2017.10.13"]
[SourceVersion "1"]
[SourceVersionDate "2017.10.13"]
[SourceQuality "1"]

1. c4 e5 2. Nc3 Nf6 3. g3 c6 4. Bg2 d5 5. d3 d4 6. Ne4 Nxe4 7. Bxe4 Nd7 8. Bg2 Bc5 9. Nf3 0-0 10. 0-0 Qe7 11. a3 a5 12. b3 Nf6 13. Nd2 Bf5 14. Bb2 Rad8 15. Ne4 Nxe4 16. dxe4 Be6 17. Qd2 Ra8 18. Qd3 f6 19. a4 Rfd8 20. Bc1 Bf7 21. Bd2 Bb4 22. Rfd1 Bg6 23. h4 Ra6 24. Bc1 Rb6 25. Kh2 Be8 26. Bh3 c5 27. Rb1 Bc6 28. Bg2 Re8 29. g4 Bd7 30. Bh3 g6 31. Rg1 Kh8 32. Rf1 Rf8 33. f3 Qg7 34. Rg1 Qe7 35. Rf1 Rd6 36. Bh6 Rf7 37. Bc1 Ra6 38. Rg1 Ra8 39. Kh1 Rg8 40. Kh2 Qf8 41. Kh1 Qe7 42. Kh2 Kg7 43. Kh1 Kf8 44. f4 exf4 45. Bxf4 Bc6 46. Bg2 Qe6 47. Bh6+ Ke8 48. g5 Qg4 49. Qh3 Qxh3+ 50. Bxh3 Bxe4+ 51. Bg2 Bxb1 52. Bd5 Bf5 53. gxf6 Rgf8 54. Bxf8 Rxf8 55. f7+ Ke7 56. Kh2 Bd2 57. h5 Bf4+ 58. Kh1 g5 59. h6 Rxf7 0-1

[Event "LSS WC-2010-T-00005"]
[Site "LSS email"]
[Date "2009.06.12"]
[Round "?"]
[White "Cornel, Matei"]
[Black "Lafarga Santorroman, David"]
[Result "1/2-1/2"]
[WhiteElo "2327"]
[BlackElo "2517"]
[PlyCount "47"]
[EventDate "2009.06.17"]
[EventType "tourn (corr)"]
[EventRounds "12"]
[EventCountry "GER"]
[SourceTitle "Corr 2013"]
[Source "ChessBase"]
[SourceDate "2012.11.12"]
[SourceVersion "1"]
[SourceVersionDate "2012.11.12"]
[SourceQuality "1"]
[WhiteTeam "US of America"]
[BlackTeam "US of America"]
[WhiteTeamCountry "USA"]
[BlackTeamCountry "USA"]

1. d4 d5 2. c4 dxc4 3. e3 e5 4. Bxc4 Nc6 5. d5 Na5 6. Qa4+ c6 7. dxc6 Nxc6 8. Nf3 Bd6 9. Nc3 Nf6 10. 0-0 0-0 11. Rd1 Qe7 12. e4 Bd7 13. Qc2 Nd4 14. Qd3 Be6 15. Bxe6 fxe6 16. Be3 Ng4 17. Bxd4 exd4 18. Ne2 e5 19. Qb3+ Kh8 20. Nc1 Nf6 21. Nd2 Nh5 22. g3 Nf6 23. Nd3 b6 24. Rac1 1/2-1/2

[Event "LSS WC-2010-T-00005"]
[Site "LSS email"]
[Date "2009.06.12"]
[Round "?"]
[White "Lafarga Santorroman, David"]
[Black "Noble, Mark Frederick"]
[Result "1/2-1/2"]
[WhiteElo "2517"]
[BlackElo "2415"]
[PlyCount "137"]
[EventDate "2009.06.17"]
[EventType "tourn (corr)"]
[EventRounds "12"]
[EventCountry "GER"]
[SourceTitle "Corr 2013"]
[Source "ChessBase"]
[SourceDate "2012.11.12"]
[SourceVersion "1"]
[SourceVersionDate "2012.11.12"]
[SourceQuality "1"]
[WhiteTeam "US of America"]
[BlackTeam "US of America"]
[WhiteTeamCountry "USA"]
[BlackTeamCountry "USA"]

1. e4 c5 2. Nf3 d6 3. d4 cxd4 4. Nxd4 Nf6 5. Nc3 a6 6. Be3 Ng4 7. Bc1 Nf6 8. g3 g6 9. Bg2 Bg7 10. 0-0 0-0 11. a4 Nc6 12. Nde2 Rb8 13. Nd5 e6 14. Nxf6+ Bxf6 15. c3 e5 16. f4 Qb6+ 17. Kh1 Be6 18. f5 Bb3 19. Qd3 Na5 20. Be3 Qc6 21. Bh6 Bg7 22. Bxg7 Kxg7 23. f6+ Kh8 24. Qe3 Rg8 25. Ng1 Nc4 26. Qg5 Nxb2 27. Rab1 Bc4 28. Rxb2 Bxf1 29. Bxf1 Qxc3 30. Rd2 b5 31. axb5 axb5 32. Nh3 Rbc8 33. Be2 b4 34. Qh6 g5 35. Nxg5 Rxg5 36. Qxg5 Rg8 37. Qh6 b3 38. Rd1 b2 39. Qh3 Qe3 40. Qf1 Rc8 41. Bd3 Rc1 42. Kg2 h5 43. Qf5 Qh6 44. Rf1 h4 45. Qh3 Qd2+ 46. Rf2 Qxd3 47. Qg4 Qxe4+ 48. Qxe4 b1Q 49. Qxh4+ Qh7 50. Qg4 Qg8 51. Qf5 Qh7 52. h4 Qxf5 53. Rxf5 Rc2+ 54. Kf3 Rc3+ 55. Kg4 Rc4+ 56. Kg5 Kh7 57. Rf3 e4 58. Ra3 d5 59. Kf5 Rc1 60. g4 Kh6 61. Ra8 Rf1+ 62. Ke5 e3 63. Rh8+ Kg6 64. g5 Rf5+ 65. Kd4 Rf3 66. Kd3 Rh3 67. Rh6+ Kf5 68. Rh7 Ke6 69. Rh8 1/2-1/2

[Event "LSS WC-2010-T-00005"]
[Site "LSS email"]
[Date "2009.06.12"]
[Round "?"]
[White "Noire, Eric"]
[Black "Lafarga Santorroman, David"]
[Result "1/2-1/2"]
[WhiteElo "2386"]
[BlackElo "2511"]
[PlyCount "95"]
[EventDate "2009.06.17"]
[EventType "tourn (corr)"]
[EventRounds "12"]
[EventCountry "GER"]
[SourceTitle "Telechess CBM 141"]
[Source "ChessBase"]
[SourceDate "2011.03.17"]
[SourceVersion "1"]
[SourceVersionDate "2011.03.17"]
[SourceQuality "1"]

1. d4 d5 2. c4 c6 3. Nf3 Nf6 4. Nc3 e6 5. e3 Nbd7 6. Qc2 Bd6 7. g4 h6 8. Rg1 e5 9. cxd5 cxd5 10. h4 e4 11. Nd2 g5 12. Rh1 0-0 13. hxg5 hxg5 14. Bc4 dxc4 15. Ndxe4 Nxe4 16. Nxe4 Bb4+ 17. Bd2 Bxd2+ 18. Kxd2 Kg7 19. Rh5 Rh8 20. Rxg5+ Kf8 21. Qxc4 Qe7 22. Qc2 Nb6 23. b3 f6 24. Rc5 Rh2 25. Qb1 Be6 26. Qg1 Rh4 27. f3 Nd5 28. Qg3 Rh7 29. g5 f5 30. g6 Rh6 31. Nc3 Nxc3 32. Kxc3 b6 33. Rc7 Rc8 34. Rxc8+ Bxc8 35. Kb2 Bd7 36. Rc1 a5 37. e4 fxe4 38. fxe4 Kg7 39. Rc7 Rxg6 40. Qe5+ Kf7 41. Qd5+ Ke8 42. Rb7 Qd6 43. Qxd6 Rxd6 44. Rb8+ Ke7 45. Kc3 Re6 46. d5 Rxe4 47. Rxb6 a4 48. bxa4 1/2-1/2

[Event "LSS ST-2009-0-00052"]
[Site "LSS email"]
[Date "2009.06.02"]
[Round "?"]
[White "Lafarga Santorroman, David"]
[Black "Kovacevic, Antonijo"]
[Result "1/2-1/2"]
[WhiteElo "2531"]
[BlackElo "2569"]
[PlyCount "27"]
[EventDate "2009.05.12"]
[EventType "tourn (corr)"]
[EventRounds "6"]
[EventCountry "GER"]
[SourceTitle "Corr 2013"]
[Source "ChessBase"]
[SourceDate "2012.11.12"]
[SourceVersion "1"]
[SourceVersionDate "2012.11.12"]
[SourceQuality "1"]
[WhiteTeam "US of America"]
[BlackTeam "US of America"]
[WhiteTeamCountry "USA"]
[BlackTeamCountry "USA"]

1. e4 c5 2. Nc3 Nc6 3. Bb5 Nd4 4. Bc4 e6 5. Nge2 a6 6. d3 b5 7. Bb3 Nxb3 8. axb3 Bb7 9. 0-0 Nf6 10. Bg5 Be7 11. f4 d5 12. e5 Ng4 13. Bxe7 Qxe7 14. Qd2 1/2-1/2